Dynamic optimization : (Record no. 29575)

000 -LEADER
fixed length control field 00756 a2200205 4500
020 ## - INTERNATIONAL STANDARD BOOK NUMBER
International Standard Book Number 0444016090
020 ## - INTERNATIONAL STANDARD BOOK NUMBER
International Standard Book Number 9780444016096
082 ## - DEWEY DECIMAL CLASSIFICATION NUMBER
Classification number 519.3
090 ## - LOCALLY ASSIGNED LC-TYPE CALL NUMBER (OCLC); LOCAL CALL NUMBER (RLIN)
-- 956
-- 956
100 1# - MAIN ENTRY--PERSONAL NAME
Personal name Kamien, Morton I.
245 10 - TITLE STATEMENT
Title Dynamic optimization :
Remainder of title the calculus of variations and optimal control in economics and management /
Statement of responsibility, etc. Morton I. Kamien, Nancy L. Schwartz.
250 ## - EDITION STATEMENT
Edition statement 2nd ed.
260 ## - PUBLICATION, DISTRIBUTION, ETC.
Place of publication, distribution, etc. [S.l.] :
Name of publisher, distributor, etc. Elsevier Science,
Date of publication, distribution, etc. 1991.
300 ## - PHYSICAL DESCRIPTION
Extent 396 p. ;
Dimensions 23 cm.
490 1# - SERIES STATEMENT
Series statement Advanced textbooks in economics.
700 1# - ADDED ENTRY--PERSONAL NAME
Personal name Schwartz, Nancy L.
830 #0 - SERIES ADDED ENTRY--UNIFORM TITLE
Uniform title Advanced textbooks in economics.
942 ## - ADDED ENTRY ELEMENTS (KOHA)
Institution code [OBSOLETE] SNS
Koha item type Book
Call number prefix 519.3 KAM
Holdings
Withdrawn status Lost status Damaged status Not for loan Permanent Location Current Location Date acquired Total Checkouts Full call number Barcode Date last seen Date last checked out Price effective from Koha item type
        School of Natural Sciences (SNS) School of Natural Sciences (SNS) 05/26/2016 1 519.3 KAM SNS0001127 06/16/2022 09/01/2021 05/26/2016 Book
© 2023 Central Library, National University of Sciences and Technology. All Rights Reserved.